Cuentos y otras prosas /
Αποθηκεύτηκε σε:
| Κύριος συγγραφέας: | |
|---|---|
| Μορφή: | Βιβλίο |
| Γλώσσα: | Spanish |
| Έκδοση: |
San José, Costa Rica :
A. Lehmann,
1971.
|
| Έκδοση: | 2. edición |
| Σειρά: | Biblioteca de literatura centroamericana
2 |
| Θέματα: | |
| Ετικέτες: |
Προσθήκη ετικέτας
Δεν υπάρχουν, Καταχωρήστε ετικέτα πρώτοι!
|
MARC
| LEADER | 00000cam a2200000 i 4500 | ||
|---|---|---|---|
| 001 | 954995 | ||
| 005 | 20170512090104.0 | ||
| 008 | 770308s1971 cr 000 1 spa d | ||
| 040 | |a VA@ |c VA@ |d RQO |d CRU CIICLA | ||
| 082 | |a CR863.4 |b G134cu2 | ||
| 090 | |a PQ7489.G27 |b A16 1971 | ||
| 100 | 1 | |a Gagini Chavarría, Carlos |d 1865-1925 | |
| 245 | 1 | 0 | |a Cuentos y otras prosas / |c Carlos Gagini. |
| 250 | |a 2. edición | ||
| 260 | |a San José, Costa Rica : |b A. Lehmann, |c 1971. | ||
| 300 | |a 87 páginas | ||
| 490 | 1 | |a Biblioteca de literatura centroamericana |v 2 | |
| 650 | 7 | |9 76 |a LITERATURA COSTARRICENSE |v CUENTOS | |
| 942 | |2 ddc |c BK | ||
| 999 | |c 3979 |d 3979 | ||
